Представление документа в формате RUSMARC

ПолеНазваниеЗначение
  Тип записи a
  Библиографический уровень c
001 Контрольный номер RU/SLIB/B/208771262
005 Дата корректировки 20201206204303.0
010 Индекс ISBN __
d Цена 1-90
101 Язык документа __
a Язык текста rus
200 Заглавие и сведения об ответственности __
a Заглавие А зори здесь тихие... ; В списках не значился
f Первые сведения об ответственности Б. Л. Васильев ; вступ. ст. А. Дементьева
b Общее обозначение материала Текст
210 Выходные данные __
a Место издания М.
c Издательство Худож. лит.
d Дата издания 1978
215 Физическое описание __
a Объем 400 с.
327 Примечание о содержании __
a Примечание о содержании В списках не значился
517 Другие варианты заглавия __
a Другие варианты заглавия В списках не значился
606 Тематические рубрики __
a Основная рубрика Художественная литература
606 Тематические рубрики __
a Основная рубрика Русская литература XX в. (произведения)
610 Ключевые слова __
a Ключевые слова повести; тема войны; ВОВ; Великая Отечественная война; рассказы; прозаики; писатели
686 Индексы других классификаций __
a Классификационный индекс 84(2Рос=Рус)6-4
700 Автор _1
a Фамилия Васильев
b Имя Б. Л.
4 Код отношения 070
702 Вторичная интеллектуальная ответственность _1
a Фамилия Дементьев
b Имя А.
4 Код отношения Автор предисловия и т.д.
4 Код отношения 080
801 Источник записи _0
a Страна RU
b Организация Муниципальное бюджетное учреждение культуры "Централизованная библиотечная система" г. Сургут (Центральная городская библиотека им. А. С. Пушкина)
g Правила каталогизации КиК/Михайлова
801 Источник записи _1
a Страна RU
b Организация Муниципальное бюджетное учреждение культуры "Централизованная библиотечная система" г. Сургут (Центральная городская библиотека им. А. С. Пушкина)
g Правила каталогизации КиК/Михайлова
852 Данные о местонахождении __
j Шифр хранения 84(2Рос=Рус)6-4
i Авторский знак В 19
p Инвентарный номер 92239(с)
901 Тип документа __
t Тип документа x
969 Тип издания __
a Тип издания сборник
990 Данные о заказе (DOS) __
j Количество экземпляров (DOS) 1
t N записи в КСУ для И/У (DOS) ретро